00722cam a2200193 a 450000100100000000500170001000800410002704000250006808200180009310000430011124500850015426000950023930000260033449000240036049000310038465000240041570000350043983000540047400000576920200929151757.0761019s1966 uy 001 0 spa  aDO-SdBNPcFJUNFdDLC aU868.2bB533e1 aBerro, Bernardo Prudencio,d1803-1868.10aEscritos selectos /cBernardo Prudencio Berro ; prólogo, Juan E. Pivel Devoto. aMontevideo, Uruguay :bMinisterios de Instrucción Pública y Previsión Social,c1966. alvi, 350 p. ;c20 cm.0 aBiblioteca Artigas.0 aClásicos uruguayosv111. 4aLiteratura uruguaya1 aPivel Berro, Juan E.,epról. 0aBiblioteca Artigas.pClásicos uruguayos ;v111.